Proceedings of the International Conference on Advances in Welding Science & Technology for Construction, Energy & Transportation. AWST-2010 : 63rd Annual Assembly & International Conference of the International Institute of Welding. Swissôtel The Bosphorus, Istanbul/ Turkey, 11 - 17 July, 2010
Enregistré dans:
| Format: | Livre |
|---|---|
| Langue: | anglais |
| Publié: |
Istanbul :
IIW,
2010
|
| Tags: |
Pas de tags, Soyez le premier à ajouter un tag!
|
MARC
| LEADER | 00000nam a22000003a 4500 | ||
|---|---|---|---|
| 001 | stu207766 | ||
| 005 | 20150408182735.2 | ||
| 008 | 100719s2010----tu------------------eng-d | ||
| 020 | |a 978-605-61419-1-1 | ||
| 040 | |a STU |b slo | ||
| 041 | 0 | |a eng | |
| 044 | |a tu | ||
| 245 | |a Proceedings of the International Conference on Advances in Welding Science & Technology for Construction, Energy & Transportation. AWST-2010 : |b 63rd Annual Assembly & International Conference of the International Institute of Welding. Swissôtel The Bosphorus, Istanbul/ Turkey, 11 - 17 July, 2010 | ||
| 260 | |a Istanbul : |b IIW, |c 2010 | ||
| 300 | |a 866 s | ||
| 996 | |b 284M078462 |c M*Z-3671 |l MMKN |s A |a 24 |w stu207766_0001 | ||
| 996 | |b 284M045008 |c M*CD-1600 |l MMKN |s A |a 24 |w stu207766_0002 | ||